000 00542nam a22001937a 4500
005 20170816111003.0
010 _aENG-119689
020 _c650.00
_a9788190843188
035 _aEN-103221
037 _bDBAD/PUB
082 _a250.33
100 _aCarus, Paul
245 _aThe gospel of buddha /
_cby Paul Carus
260 _aDelhi
_bMaheshwari Publication
_c2016
270 _aG-4/120, Sector-15, Rohini,
_bDelhi
_e110007
300 _axi,218p.
_c22cm(Hb)
500 _aIncludes index
942 _2ddc
_cEN
_h250.33
_mCAR
999 _c143384
_d143384